000 00259nam a2200109Ia 4500
008 240625s9999 xx 000 0 und d
041 _aeng
082 _a330 PAI
100 _aPAILWAR VEENA KESHAV
245 _aECONOMIC ENVIRONMENT OF BUSINESS
260 _c2010
999 _c38150
_d38150